|
|
|
|
| LEADER |
00640nab a2200193 i 4500 |
| 001 |
tisza4751 |
| 005 |
20200330124048.0 |
| 008 |
170621s1967 hu o 0|| hun d |
| 022 |
|
|
|a 0133-1167
|
| 040 |
|
|
|a SZTE Tiszatáj Archívum
|b hun
|
| 041 |
|
|
|a hun
|
| 100 |
1 |
|
|a Bata Imre
|
| 245 |
1 |
0 |
|a Illés Endre
|h [elektronikus dokumentum] :
|b Száz történet : [könyvismertetés] /
|c Bata Imre
|
| 260 |
|
|
|c 1967
|
| 300 |
|
|
|a 682-684
|
| 490 |
0 |
|
|a Tiszatáj
|v 21 No. 7
|
| 695 |
|
|
|a Magyar irodalom - novella - könyvismertetés
|
| 700 |
0 |
1 |
|a Illés Endre
|
| 856 |
4 |
0 |
|u http://tiszataj.bibl.u-szeged.hu/4751/1/tiszataj_1967_007_682-684.pdf
|z Dokumentum-elérés
|